000 00717nam a2200229Ii 4500
003 JO-AjNU
008 230605s9999||||xx |||||||||||||| ||und||
017 _a2011/3/1098
020 _a978-9957-07-915-4
040 _aJO-AjNU
_bara
_erda
_cJO-AjNU
041 _aara
050 1 4 _aBF713.M8482.2012
100 3 _aملحم، محمد سامي,
_eauthor
_942773
245 0 0 _aعلم نفس النمو: دورة حياة الإنسان
250 _aط2
264 3 1 _aعمان:دار الفكر ناشرون وموزعون ، 2012
300 _a560ص
336 _atext
_btxt
_2rdacontent
337 _aunmediated
_bn
_2rdamedia
338 _avolume
_bnc
_2rdacarrier
650 4 _aعلم نفس النمو
_942774
999 _aA18340
_c21908
_d21908